000 00534nam a2200205Ia 4500
005 20250508165040.0
008 008 250505s9999 xx 000 0 eng d
037 _aTextual
040 _aFEDL
_beng
_cFEDL
041 _aeng
_2eng
084 _a669, LIN
_qFEDL
100 _aLinchevsky B
_9779816
245 0 _aMethods of metallurgical experiment
260 _aMoscow
_bMir Publishers
_c1982
300 _a296p.
365 _aINR
_b15
546 _aMACESE
942 _cTEXL
_h669, LIN
999 _c1392831
_d1392831